000 00803 a2200265 4500
999 _c18566
_d5269
001 18566
003 TR-AnTOB
005 20190408215526.0
008 041102s1988 tu tur
020 _a9754980136
040 _aTR-AnTOB
_cTR-AnTOB
041 _atur
050 _aPL248.M43
090 _aPL248.M43
_bZ76 1988
100 _aBayat, Ali Haydar,
_d1941-2006
_915278
245 0 _aHekim-Devlet adamı :
_bKeçecizade Mehmet Fuat Paşa /
_cAli Haydar Bayat.
264 1 _aİstanbul :
_bTürk Dünyası Araştırmaları Vakfı,
_c1988.
300 _a112 p. ;
_c16 cm.
490 0 _aTürk Dünyası Araştırmaları Vakfı Yayını ;
_v49.
_aKutsun Serisi ;
_v9.
504 _aIncludes bibliographies.
600 0 0 _aMehmed Fuad Paşa,
_d1815-1869
_962928
902 _a0008646
942 _cBK
_2lcc